000 01281nam a22003137a 4500
005 20120104100649.0
008 120104t xxu||||| |||| 00| 0 eng d
010 _aENG-104564
020 _a9788189973506
_c460.00
020 _a8189973509
_c460.00
035 _aEN-88097
037 _bDBAD/PUB
040 _aDPL
_beng
082 0 4 _a662.669
100 1 _aSastry, Gadepalli Ravi Kiran
_938049
_d1972-
245 1 0 _aBio-diesel :
_cby Gadepalli Ravi Kiran Sastry
_bbiodegradable alternative fuel for diesel engines /
260 _aNew Delhi
_bReadworthy Publications
_c2008
270 _a4735/22, Prakash Deep Building. Ground Floor, Ansari Road, Darya Ganj
_bNew Delhi
_e110002
300 _axv,165p. :
_c23cm(Hb)
_bill.
500 _aIncludes bibliographical references and index.
520 _aStudy conducted in Bhopal, India.
650 0 _aBiodiesel fuels
_938050
_xResearch
650 0 _aDiesel motor
_938051
_xAlternative fuels
650 0 _aDiesel motor
_938063
_xVibration
650 0 _aDiesel motor
_938064
_xNoise
942 _2ddc
_cEN
_h662.669
_mSAS
999 _c60266
_d60266